| 000 | 00837nam a2200229 i 4500 | ||
|---|---|---|---|
| 001 | bg | ||
| 100 | 1 |
_aZegar, Józef Stanisław _d(1940- ). |
|
| 245 | 1 | 0 |
_aDochody rolników na progu akcesji do Unii Europejskiej / _cJózef St. Zegar. |
| 260 |
_aWarszawa : _bIERiGŻ, _c2003. |
||
| 300 |
_a26, [1] s. : _bil. ; _c21 cm. |
||
| 490 | 1 |
_aKomunikaty, Raporty, Ekspertyzy / Instytut Ekonomiki Rolnictwa i Gospodarki Żywnościowej, _x0239-8591 ; _v482 |
|
| 650 | 4 |
_aDochody indywidualne _xrolnictwo _zPolska _yod 1989 r. |
|
| 655 | 4 | _aDane statystyczne | |
| 830 | 0 |
_aKomunikaty, Raporty, Ekspertyzy - Instytut Ekonomiki Rolnictwa i Gospodarki Żywnościowej ; _v482 |
|
| 040 | _cBPK | ||
| 041 | 0 | _apol | |
| 080 | _a631.16 | ||
| 080 | _a330.567.28(438) | ||
| 080 | _a(083.41) | ||
| 942 | _cKS | ||
| 008 | s pl f |000 0 pol | ||
| 999 |
_c50773 _d50773 |
||
| 856 |
_uhttp://koha.tu.koszalin.pl/cgi-bin/koha/opac-detail.pl?biblionumber=50773 _yKatalog online BPK |
||